000 00604nam a2200205 i 4500
001 29980
003 ES-MaACL
005 20231218172849.0
007 t|
008 030123s1966 sp ||||1| spa d
100 1 _aBarón, Enrique,
_d1944-
_eaut
_925767
245 1 0 _aPoblación y hambre /
_cEnrique Barón.
260 _aMadrid :
_bZYX,
_c[1966]
300 _a115 p. :
_b2 map. ;
_c18 cm.
490 1 _aLee y discute. Serie roja ;
_v13
830 0 _aLee y discute. Serie roja
_9182113
852 _aES-MaACL
_jC-30054
_bR.60384
942 _2udc
_cMONOGRAFIA
_n0
999 _c29980
_d29980